书目信息 |
| 题名: |
a little princess
|
|
| 作者: | 伯内特 著 ;姚锦镕 译 | |
| 分册: | ||
| 出版信息: | 南京 译林出版社 2015.7 |
|
| 页数: | 183页 | |
| 开本: | 23cm | |
| 丛书名: | 双语译林 | |
| 单 册: | ||
| 中图分类: | H319.4:I , I712.84 | |
| 科图分类: | ||
| 主题词: | 英语--ying yu--汉语--对照读物 , 长篇小说--chang pian xiao shuo--美国--现代 | |
| 电子资源: | ||
| ISBN: | 978-7-5447-5491-0 | |
| 000 | 01967oam2 2200361 450 | |
| 001 | 2133053062 | |
| 005 | 20211122091247.00 | |
| 010 | @a978-7-5447-5491-0 | |
| 100 | @a20151223d2015 em y0chiy50 ea | |
| 101 | 1 | @achi@ceng |
| 102 | @aCN@b320000 | |
| 105 | @ay z 000ay | |
| 200 | 1 | @aa little princess@f(美) 弗朗西丝·霍奇森·伯内特著@g姚锦镕译 |
| 210 | @a南京@c译林出版社@d2015.7@h2021.4重印 | |
| 215 | @a183页@d23cm | |
| 225 | 2 | @a双语译林@Ashuang yu yi lin@i壹力文库@h第四辑@v100 |
| 300 | @a英文版 | |
| 307 | @a附英文版 | |
| 312 | @a英文并列题名取自封面 | |
| 314 | @a弗朗西丝·霍奇森·伯内特 (Frances Hodgson Burnett) (1849-1924), 女, 美国著名女作家。出生于英国曼彻斯特一个殷实的五金厂主家庭, 后全家移民美国。她一生共写了四十多部作品,著有《小伯爵》、《小公主》等。 | |
| 330 | @a本书是美国著名儿童作家弗朗西丝·霍奇森·伯内特的经典之作。故事讲述小女孩萨拉·克鲁在她七岁的时候,她被在印度挣钱的父亲送回伦敦,在明卿小姐办的一所贵族女童寄宿学校住读。她刚入学时,待遇像个小公主似的,特别爱幻想。可是后来传来坏消息,说她父亲破产身亡,没有音信。明卿小姐一下子态度完全改变,觉得她成了自己的累赘,把她从小公主变成了最低贱的使女,从原来漂亮的房间赶到寒冷简陋的阁楼上去栖身。萨拉·克鲁尽管遭到变故,只能暗中想念父亲,但是最困难的时候始终坚强地生活下去,不卑不亢,和同样过着日子的女伴蓓琪相濡以沫,互相支持。到头来得知她父亲死后还留下一大笔遗产,他的朋友经过许多周折,终于找到了她。萨拉一下子又是位“小公主”,被接走了,使明卿小姐恼丧不已。 | |
| 333 | @a文学评论人员、文学爱好者、青年读者及普通读者。 | |
| 461 | 0 | @12001 @a双语译林 |
| 462 | 0 | @12001 @a壹力文库 |
| 500 | 10 | @aLittle princess@mChinese |
| 606 | 0 | @a英语@Aying yu@x汉语@j对照读物 |
| 606 | 0 | @a长篇小说@Achang pian xiao shuo@y美国@z现代 |
| 690 | @aH319.4:I@v5 | |
| 690 | @aI712.84@v5 | |
| 701 | 1 | @c(美)@a伯内特@Abai nei te@c(Burnett, Frances Hodgson),@f1849-1924@4著 |
| 702 | 0 | @a姚锦镕@Ayao jin rong@4译 |
| 801 | 0 | @aCN@b百万庄@c20211009 |
| 905 | @dH319.4:I@e2208(+)@f4 | |
| a little princess/(美) 弗朗西丝·霍奇森·伯内特著/姚锦镕译.-南京:译林出版社,2015.7(2021.4重印) |
| 183页;23cm.-(双语译林.壹力文库.第四辑;100) |
| 英文版.-使用对象:文学评论人员、文学爱好者、青年读者及普通读者。 |
| ISBN 978-7-5447-5491-0: |
| 本书是美国著名儿童作家弗朗西丝·霍奇森·伯内特的经典之作。故事讲述小女孩萨拉·克鲁在她七岁的时候,她被在印度挣钱的父亲送回伦敦,在明卿小姐办的一所贵族女童寄宿学校住读。她刚入学时,待遇像个小公主似的,特别爱幻想。可是后来传来坏消息,说她父亲破产身亡,没有音信。明卿小姐一下子态度完全改变,觉得她成了自己的累赘,把她从小公主变成了最低贱的使女,从原来漂亮的房间赶到寒冷简陋的阁楼上去栖身。萨拉·克鲁尽管遭到变故,只能暗中想念父亲,但是最困难的时候始终坚强地生活下去,不卑不亢,和同样过着日子的女伴蓓琪相濡以沫,互相支持。到头来得知她父亲死后还留下一大笔遗产,他的朋友经过许多周折,终于找到了她。萨拉一下子又是位“小公主”,被接走了,使明卿小姐恼丧不已。 |
| ● |
| 相关链接 |
|
|
|
|
正题名:a little princess
索取号:H319.4:I/2208(+)
 
预约/预借
| 序号 | 登录号 | 条形码 | 馆藏地/架位号 | 状态 | 备注 |
| 1 | 1055458 | 210554586 | 第二样本阅览室/ [索取号:H319.4:I/2208(+)] | 在馆 | |
| 2 | 1055459 | 210554595 | 第四借阅区/ [索取号:H319.4:I/2208(+)] | 在馆 | |
| 3 | 1055460 | 210554602 | 第四借阅区/ [索取号:H319.4:I/2208(+)] | 在馆 | |
| 4 | 1055461 | 210554611 | 第四借阅区/ [索取号:H319.4:I/2208(+)] | 在馆 |